000 05240njm a2200649Ia 4500
001 D7374
003 IT-RoPAU
005 20220918181114.0
008 131025s9999 xx 000 0 und d
040 _aIT-RoPAU
040 _cIT-RoPAU
999 _c99280
_d99280
999 _bn.d.
100 _aAA.VV.
_9794
100 _eAutore musica
_931102
100 _gCodice autore musica SPICS: 12000
_9796
245 _aTop of the Spot 2 Classic
250 _a1a ed.
260 _aLONDON
260 _bDECCA RECORD COMPANY
_c1996 [1a Ed.:1996 - Ed. Lingua Orig.: 1996]
300 _aCOMPACT DISC
300 _c78 minuti (Testo: pag.)
500 _aSpot tv. Musica dalla pubblicitĂ . 19 splendidi brani di musica classica.
505 _aSogno d'amore [(Bolet Jorge) (spot televisivo Pellicceria Annabella) (5:00)] - Moldava [(La mia patria) (spot televisivo Fette Biscottate al Malto Mulino Bianco) (4:00)] - Andante [(Sonata n. 5, Estr.) (spot televisivo Kraft Philadelphia Frescovivo) (4:00)] - Baba Yaga [(Quadri di una esposizione, Estr.) (spot televisivo Seat Ibiza) (2:00)] - Pavane [(spot televisivo Loulou di Cacharel) (6:00)] - Inno alla gioia [(spot televisivo Hyundai Accent) (8:00)] - Gymnopedie n. 1 [(spot televisivo Molteni e C. Dada) (4:00)] - Vedi le fosche notturne spoglie [(Il trovatore) (spot televisivo Seat Cordoba) (3:00)] - Sinfonia n. 5 [(Estr.) (spot televisivo Coop) (4:00)] - Preludio [(Carmen) (spot televisivo Ford Courier) (3:00)] - Valse lente [(Coppelia) (spot televisivo F.Lli Frattini - Agenzia Publidue) (3:00)] - Sinfonia n. 9 "Dal nuovo mondo" [(spot televisivo Ford Transit) (4:00)] - La gazza ladra, ouverture (spot televisivo ex Cuochi - Lavastoviglie Techna) (6:00)] - Dome epais le Jasmin [(Lakme) (spot televisivo British Airways) (6:00)] - Sinfonia n. 4 "Italiana" [(spot televisivo Fiat: Sinfonia Italiana) (5:00)] - La ci darem la mano [(Don Giovanni) (spot televisivo Agip: Guardiamo L'olio?) (4:00)] - Guglielmo Tell, ouverture [(spot televisivo Tecnocasa - Agenzia Professionals) (4:00)] - Sul bel Danubio blu [(spot televisivo Coop) (6:00)] - Summertime [(Porgy & Bess) (spot televisivo Rex: Asciuga Biancheria Solarex) (3:00)]
511 _aIsrael Philarmonic Orchestra diretta da Weller Walter
511 _aOrchestre Symphonique Demontreal diretta da Dutoit Charles
511 _aAcademy Of St. Martin In The Fields diretta da Marriner Neville
511 _aChicago Symphony Orchestra & Chorus diretta da Solti George
511 _aRoge Pascal
511 _aLondon Philharmonic Orchestra diretta da Solti Georg
511 _aOrchestre Se la Suisse Romande diretta da Bonynge Richard
511 _aThe Cleveland Orchestra diretta da Von Dohnanyi Christo
511 _aOrchestre Symphonique De Montreal diretta da Dutoit Charles
511 _aL'Orchestre National De L'Opera De MonteCarlo diretta da Bonynge Richard
511 _aLondon Symphony Orchestra diretta da Abbado Claudio
511 _aVienna Haydn Orchestra diretta da Kertesz Istvan
511 _aOrchestre Symphonique de Montreal diretta da Dutoit Charles
511 _aWiener Philharmoniker diretti da Boskovsky Willi
511 _aCleveland Orchestra & Chorus diretti da Maazel Lorin
650 _aSPOT TV [COMPACT DISC]
_eCodice MATERIA SPICS: 9949
_931103
700 _aLiszt Franz
_dCodice autore musica SPICS: 10789
_eAutore musica
_pSogno d'amore
_931104
700 _aSmetana Friedrich
_dCodice autore musica SPICS: 1184
_eAutore musica
_pMoldava (La mia patria)
_931105
700 _aGaluppi Baldassarre
_dCodice autore musica SPICS: 14268
_eAutore musica
_pAndante (Sonata n. 5, Estr.)
_931106
700 _aMussorgsky Modest
_dCodice autore musica SPICS: 45462
_eAutore musica
_pBaba - Yaga (Quadri di una esposizione, Estr.)
_931107
700 _aFauré Michel
_dCodice autore musica SPICS: 6783
_eAutore musica
_pPavane
_931108
700 _aBeethoven Ludwig Van
_dCodice autore musica SPICS: 10721
_eAutore musica
_pInno alla gioia - Sinfonia n. 5 (Estr.)
_931109
700 _aSatie Erik
_dCodice autore musica SPICS: 1590
_eAutore musica
_pGymnopedie n. 1
_931110
700 _aVerdi Giuseppe
_dCodice autore musica SPICS: 89
_eAutore musica
_pVedi le fosche notturne spoglie (Il trovatore)
_931111
700 _aBizet Georges
_dCodice autore musica SPICS: 10724
_eAutore musica
_pPreludio (Carmen)
_931112
700 _aDelibes Leo
_dCodice autore musica SPICS: 7951
_eAutore musica
_pValse lente (Coppelia) - Dome epais le Jasmin (Lakme)
_931113
700 _aDvorak Antonin
_dCodice autore musica SPICS: 10772
_eAutore musica
_pSinfonia n. 9 "Dal nuovo mondo"
_931114
700 _aRossini Gioachino
_dCodice autore musica SPICS: 11125
_eAutore musica
_pLa gazza ladra, ouverture - Guglielmo Tell, ouverture
_931115
700 _aMendelssohn Felix
_dCodice autore musica SPICS: 3873
_eAutore musica
_pSinfonia n. 4 "Italiana"
_931116
700 _aMozart Wolfgang Amadeus
_dCodice autore musica SPICS: 3486
_eAutore musica
_pLa ci darem la mano (Don Giovanni)
_931117
700 _aStrauss Johann Sr
_dCodice autore musica SPICS: 10080
_eAutore musica
_pSul bel Danubio blu
_931118
700 _aGershwin George
_dCodice autore musica SPICS: 10668
_eAutore musica
_pSummertime (Porgy & Bess)
_931119
942 _cCD
_2ddc